[Event "The Irish Championship 2020"]
[Site "Colaiste Eanna, Dublin, Ireland"]
[Date "2020.08.03"]
[Round "3"]
[Board "5"]
[White "Casey, Eoghan"]
[Black "Delaney, Killian"]
[Result "0-1"]
[WhiteElo "1954"]
[BlackElo "2314"]
[PlyCount "0"]
[EventDate "2020.08.01"]
[EventRounds "9"]
[EventCountry "IRL"]

1. d4 {[%clk 02:14:05]} {[%emt 00:02:04]} Nf6 {[%clk 02:16:01]} {[%emt
00:00:10]} 2. Bf4 {[%clk 02:14:36]} {[%emt 00:00:04]} c5 {[%clk 02:16:28]}
{[%emt 00:00:07]} 3. e3 {[%clk 02:15:05]} {[%emt 00:00:07]} Qb6 {[%clk
02:16:58]} {[%emt 00:00:05]} 4. Na3 {[%clk 02:03:44]} {[%emt 00:11:56]} d6
{[%clk 02:17:06]} {[%emt 00:00:27]} 5. Nc4 {[%clk 02:01:52]} {[%emt 00:02:27]}
Qc7 {[%clk 02:17:26]} {[%emt 00:00:15]} 6. h3 {[%clk 01:58:40]} {[%emt
00:03:47]} g6 {[%clk 02:13:32]} {[%emt 00:04:28]} 7. Nf3 {[%clk 01:40:23]}
{[%emt 00:18:51]} Bg7 {[%clk 02:12:19]} {[%emt 00:01:49]} 8. a4 {[%clk
01:25:38]} {[%emt 00:15:21]} O-O {[%clk 02:10:32]} {[%emt 00:02:22]} 9. Be2
{[%clk 00:59:00]} {[%emt 00:27:13]} Nbd7 {[%clk 01:21:50]} {[%emt 00:49:15]} 10.
O-O {[%clk 00:25:02]} {[%emt 00:34:35]} cxd4 {[%clk 01:05:56]} {[%emt
00:16:29]} 11. exd4 {[%clk 00:25:20]} {[%emt 00:00:17]} b6 {[%clk 01:06:25]}
{[%emt 00:00:06]} 12. d5 {[%clk 00:12:41]} {[%emt 00:13:15]} Bb7 {[%clk
01:05:56]} {[%emt 00:01:03]} 13. Ne3 {[%clk 00:11:50]} {[%emt 00:01:26]} Nh5
{[%clk 00:25:07]} {[%emt 00:41:23]} 14. Bg5 {[%clk 00:11:30]} {[%emt 00:00:56]}
Bxb2 {[%clk 00:25:27]} {[%emt 00:00:15]} 15. Nd4 {[%clk 00:07:25]} {[%emt
00:04:41]} Bxa1 {[%clk 00:22:24]} {[%emt 00:03:37]} 16. Bxh5 {[%clk 00:02:14]}
{[%emt 00:05:45]} Bxd4 {[%clk 00:10:14]} {[%emt 00:12:45]} 17. Qxd4 {[%clk
00:02:39]} {[%emt 00:00:10]} f6 {[%clk 00:10:43]} {[%emt 00:00:06]} 18. Bg4
{[%clk 00:01:42]} {[%emt 00:01:33]} fxg5 {[%clk 00:03:05]} {[%emt 00:08:12]} 19.
Be6+ {[%clk 00:01:50]} {[%emt 00:00:28]} Rf7 {[%clk 00:03:39]} {[%emt
00:00:01]} 20. Ng4 {[%clk 00:00:46]} {[%emt 00:01:39]} Nf6 {[%clk 00:03:07]}
{[%emt 00:01:06]} 21. Nh6+ {[%clk 00:01:05]} {[%emt 00:00:17]} Kg7 {[%clk
00:03:40]} {[%emt 00:00:02]} 22. Nxf7 {[%clk 00:01:16]} {[%emt 00:00:23]} h6
{[%clk 00:03:16]} {[%emt 00:00:59]} 23. h4 {[%clk 00:01:05]} {[%emt 00:00:47]}
Qc5 {[%clk 00:02:55]} {[%emt 00:00:55]} 24. Qxc5 {[%clk 00:01:01]} {[%emt
00:00:39]} dxc5 {[%clk 00:03:15]} {[%emt 00:00:16]} 25. hxg5 {[%clk 00:01:19]}
{[%emt 00:00:17]} hxg5 {[%clk 00:01:59]} {[%emt 00:01:51]} 26. c4 {[%clk
00:01:36]} {[%emt 00:00:18]} g4 {[%clk 00:02:04]} {[%emt 00:00:29]} 27. Re1
{[%clk 00:01:16]} {[%emt 00:00:55]} Ba6 {[%clk 00:02:21]} {[%emt 00:00:18]} 28.
Ne5 {[%clk 00:01:13]} {[%emt 00:00:39]} Rh8 {[%clk 00:02:02]} {[%emt 00:00:54]}
29. Nxg4 {[%clk 00:00:36]} {[%emt 00:01:12]} Bxc4 {[%emt 00:00:44]} 30. Ne3
{[%clk 00:00:42]} Bb3 {[%clk 00:02:43]} {[%emt 00:00:14]} 31. Ra1 {[%clk
00:00:53]} {[%emt 00:00:24]} Rd8 {[%clk 00:03:06]} {[%emt 00:00:11]} 32. a5
{[%clk 00:01:12]} {[%emt 00:00:17]} b5 {[%clk 00:03:35]} {[%emt 00:00:05]} 33.
Rb1 {[%clk 00:00:51]} {[%emt 00:00:57]} c4 {[%clk 00:03:55]} {[%emt 00:00:15]}
34. f3 {[%clk 00:00:55]} {[%emt 00:00:31]} Rd6 {[%clk 00:04:08]} {[%emt
00:00:21]} 35. g4 {[%clk 00:01:07]} {[%emt 00:00:24]} Ra6 {[%clk 00:04:36]}
{[%emt 00:00:07]} 36. g5 {[%clk 00:01:23]} {[%emt 00:00:19]} Nh5 {[%clk
00:04:15]} {[%emt 00:00:56]} 37. Ra1 {[%clk 00:00:55]} {[%emt 00:01:04]} Nf4
{[%clk 00:04:33]} {[%emt 00:00:15]} 38. Bc8 {[%clk 00:00:54]} {[%emt 00:00:37]}
Rd6 {[%clk 00:05:03]} {[%emt 00:00:04]} 39. Bb7 {[%clk 00:00:49]} {[%emt
00:00:41]} Nh3+ {[%clk 00:04:21]} {[%emt 00:01:15]} 40. Kg2 {[%clk 00:01:00]}
{[%emt 00:00:26]} Nxg5 {[%clk 00:04:48]} {[%emt 00:00:07]} 41. a6 {[%clk
00:00:55]} {[%emt 00:00:41]} e6 {[%clk 00:01:28]} {[%emt 00:03:55]} 42. Re1
{[%clk 00:00:50]} {[%emt 00:00:38]} c3 {[%clk 00:01:35]} {[%emt 00:00:29]} 43.
dxe6 {[%clk 00:00:50]} {[%emt 00:00:36]} Nxe6 {[%clk 00:01:48]} {[%emt
00:00:22]} 44. Rb1 {[%clk 00:00:48]} {[%emt 00:00:38]} Ba4 {[%clk 00:01:35]}
{[%emt 00:00:47]} 45. Kf1 {[%clk 00:00:39]} {[%emt 00:00:44]} c2 {[%clk
00:01:55]} {[%emt 00:00:15]} 46. Nxc2 {[%clk 00:00:47]} {[%emt 00:00:28]} Bxc2
{[%emt 00:01:18]} 47. Ke2 {[%emt 00:00:36]}  0-1

[Event "The Irish Championship 2020"]
[Site "Colaiste Eanna, Dublin, Ireland"]
[Date "2020.08.03"]
[Round "3"]
[Board "6"]
[White "Wallace, Paul"]
[Black "Melaugh, Gavin"]
[Result "1-0"]
[WhiteElo "2168"]
[BlackElo "2003"]
[PlyCount "0"]
[EventDate "2020.08.01"]
[EventRounds "9"]
[EventCountry "IRL"]

1. e4 {[%clk 02:16:06]} {[%emt 00:00:03]} d6 {[%clk 02:12:50]} {[%emt
00:03:21]} 2. d4 {[%clk 02:16:34]} {[%emt 00:00:07]} Nf6 {[%clk 02:13:21]}
{[%emt 00:00:03]} 3. Nc3 {[%clk 02:16:56]} {[%emt 00:00:14]} Nbd7 {[%clk
02:13:50]} {[%emt 00:00:06]} 4. f4 {[%clk 02:06:19]} {[%emt 00:11:11]} e5
{[%clk 02:14:21]} {[%emt 00:00:04]} 5. Nf3 {[%clk 02:06:46]} {[%emt 00:00:08]}
exd4 {[%clk 02:14:52]} {[%emt 00:00:05]} 6. Qxd4 {[%clk 02:07:01]} {[%emt
00:00:19]} c6 {[%clk 02:15:22]} {[%emt 00:00:06]} 7. Be3 {[%clk 01:56:54]}
{[%emt 00:10:42]} d5 {[%clk 02:15:45]} {[%emt 00:00:12]} 8. O-O-O {[%clk
01:50:22]} {[%emt 00:07:06]} c5 {[%clk 02:05:06]} {[%emt 00:11:15]} 9. Qa4
{[%clk 01:50:47]} {[%emt 00:00:10]} d4 {[%clk 02:05:28]} {[%emt 00:00:13]} 10.
Nxd4 {[%clk 01:50:26]} {[%emt 00:00:56]} cxd4 {[%clk 02:05:46]} {[%emt
00:00:17]} 11. Bxd4 {[%clk 01:50:53]} {[%emt 00:00:07]} a6 {[%clk 01:18:41]}
{[%emt 00:47:40]} 12. e5 {[%emt 00:10:37]} Ng4 {[%clk 00:51:07]} {[%emt
00:28:06]} 13. Nd5 {[%clk 01:38:53]} {[%emt 00:02:36]} b5 {[%clk 00:50:57]}
{[%emt 00:00:45]} 14. Bxb5 {[%clk 01:38:31]} {[%emt 00:00:57]} Rb8 {[%clk
00:49:58]} {[%emt 00:01:35]} 15. Bc6 {[%clk 01:38:00]} {[%emt 00:01:06]} Bb7
{[%clk 00:48:39]} {[%emt 00:01:54]} 16. Bb6 {[%clk 01:32:53]} {[%emt 00:05:42]}
Bxc6 {[%clk 00:47:12]} {[%emt 00:02:02]} 17. Qxc6 {[%clk 01:33:16]} {[%emt
00:00:12]} Rc8 {[%clk 00:45:58]} {[%emt 00:01:50]} 18. Nc7+ {[%clk 01:25:36]}
{[%emt 00:08:13]} Rxc7 {[%clk 00:46:10]} {[%emt 00:00:25]} 19. Bxc7 {[%clk
01:26:04]} {[%emt 00:00:07]} Qc8 {[%clk 00:45:42]} {[%emt 00:01:03]} 20. e6
{[%clk 01:25:09]} {[%emt 00:01:29]} fxe6 {[%clk 00:45:49]} {[%emt 00:00:30]} 21.
Qxe6+ {[%clk 01:25:32]} {[%emt 00:00:12]}  1-0

[Event "The Irish Championship 2020"]
[Site "Colaiste Eanna, Dublin, Ireland"]
[Date "2020.08.03"]
[Round "3"]
[Board "7"]
[White "Carroll, Peter"]
[Black "Collins, Adam"]
[Result "1/2-1/2"]
[WhiteElo "2009"]
[BlackElo "1760"]
[PlyCount "0"]
[EventDate "2020.08.01"]
[EventRounds "9"]
[EventCountry "IRL"]

1. e4 {[%clk 02:13:23]} {[%emt 00:02:46]} c6 {[%clk 02:15:34]} {[%emt
00:00:36]} 2. Nc3 {[%clk 02:13:48]} {[%emt 00:00:10]} d5 {[%clk 02:15:59]}
{[%emt 00:00:10]} 3. d4 {[%clk 02:14:16]} {[%emt 00:00:08]} dxe4 {[%clk
02:16:28]} {[%emt 00:00:05]} 4. Nxe4 {[%clk 02:14:47]} {[%emt 00:00:04]} Bf5
{[%clk 02:16:57]} {[%emt 00:00:06]} 5. Ng3 {[%clk 02:15:19]} {[%emt 00:00:04]}
Bg6 {[%clk 02:17:26]} {[%emt 00:00:06]} 6. Nh3 {[%clk 02:15:43]} {[%emt
00:00:11]} e6 {[%clk 02:16:33]} {[%emt 00:01:27]} 7. Nf4 {[%clk 02:16:11]}
{[%emt 00:00:08]} Bd6 {[%clk 02:14:12]} {[%emt 00:02:56]} 8. Ngh5 {[%clk
02:16:37]} {[%emt 00:00:10]} Bf8 {[%clk 02:02:34]} {[%emt 00:12:12]} 9. Bc4
{[%clk 02:09:08]} {[%emt 00:08:05]} Nf6 {[%clk 01:50:29]} {[%emt 00:12:40]} 10.
Nxg6 {[%clk 01:54:40]} {[%emt 00:15:02]} hxg6 {[%clk 01:50:14]} {[%emt
00:00:51]} 11. Nf4 {[%clk 01:54:07]} {[%emt 00:01:08]} Nd5 {[%clk 01:41:27]}
{[%emt 00:09:23]} 12. Nd3 {[%clk 01:50:43]} {[%emt 00:03:58]} Bd6 {[%clk
01:38:06]} {[%emt 00:03:56]} 13. Qf3 {[%clk 01:48:44]} {[%emt 00:02:34]} Qf6
{[%clk 01:27:36]} {[%emt 00:11:05]} 14. Qxf6 {[%clk 01:42:15]} {[%emt
00:07:05]} gxf6 {[%clk 01:26:15]} {[%emt 00:01:54]} 15. Bd2 {[%clk 01:42:22]}
{[%emt 00:00:29]} Nd7 {[%clk 01:23:10]} {[%emt 00:03:40]} 16. O-O-O {[%clk
01:37:50]} {[%emt 00:05:08]} O-O-O {[%clk 01:20:18]} {[%emt 00:03:23]} 17. h4
{[%clk 01:30:36]} {[%emt 00:07:53]} Ne7 {[%clk 01:14:53]} {[%emt 00:06:00]} 18.
g3 {[%clk 01:21:46]} {[%emt 00:09:26]} Nf5 {[%clk 01:09:10]} {[%emt 00:06:17]}
19. c3 {[%clk 01:13:29]} {[%emt 00:08:53]} c5 {[%clk 00:58:24]} {[%emt
00:11:21]} 20. dxc5 {[%clk 01:01:00]} {[%emt 00:13:03]} Nxc5 {[%clk 00:57:59]}
{[%emt 00:01:01]} 21. Rhe1 {[%clk 00:48:46]} {[%emt 00:12:48]} a6 {[%clk
00:52:33]} {[%emt 00:05:59]} 22. Nxc5 {[%clk 00:43:53]} {[%emt 00:05:30]} Bxc5
{[%clk 00:52:55]} {[%emt 00:00:14]} 23. Re2 {[%clk 00:44:19]} {[%emt 00:00:09]}
Rd7 {[%clk 00:44:34]} {[%emt 00:08:57]} 24. Be1 {[%clk 00:43:04]} {[%emt
00:01:49]} Rxd1+ {[%clk 00:36:57]} 25. Kxd1 {[%clk 00:43:36]} {[%emt 00:08:16]}
g5 {[%clk 00:35:43]} {[%emt 00:01:48]} 26. hxg5 {[%clk 00:40:54]} {[%emt
00:03:18]} fxg5 {[%clk 00:36:12]} {[%emt 00:00:06]} 27. Rxe6 {[%clk 00:39:12]}
{[%emt 00:02:16]} Rd8+ {[%clk 00:26:08]} {[%emt 00:10:36]} 28. Kc2 {[%clk
00:38:34]} {[%emt 00:01:15]} fxe6 {[%clk 00:25:57]} {[%emt 00:00:47]} 29. Bxe6+
{[%clk 00:39:08]} {[%emt 00:00:02]} Kc7 {[%clk 00:26:10]} {[%emt 00:00:21]} 30.
Bxf5 {[%clk 00:39:37]} {[%emt 00:00:06]} Rf8 {[%clk 00:23:44]} {[%emt
00:03:01]} 31. g4 {[%clk 00:39:47]} {[%emt 00:00:26]} Rh8 {[%clk 00:23:39]}
{[%emt 00:00:37]} 32. Bd2 {[%clk 00:33:50]} {[%emt 00:06:35]} Be7 {[%clk
00:21:12]} {[%emt 00:02:59]} 33. Kd3 {[%clk 00:31:38]} {[%emt 00:02:49]} Rh2
{[%clk 00:16:20]} {[%emt 00:05:26]} 34. Be3 {[%clk 00:31:25]} {[%emt 00:00:50]}
Bd6 {[%clk 00:14:40]} {[%emt 00:02:15]} 35. a4 {[%clk 00:24:32]} {[%emt
00:07:28]} Bf4 {[%clk 00:12:57]} {[%emt 00:02:17]} 36. Bd4 {[%clk 00:19:57]}
{[%emt 00:05:11]} Rh1 {[%clk 00:10:08]} {[%emt 00:03:21]} 37. a5 {[%clk
00:20:07]} {[%emt 00:00:29]} Rd1+ {[%clk 00:08:49]} {[%emt 00:01:51]} 38. Ke4
{[%clk 00:19:30]} {[%emt 00:01:14]} Rd2 {[%clk 00:08:23]} {[%emt 00:01:00]} 39.
b4 {[%clk 00:19:54]} {[%emt 00:00:13]} Rxd4+ {[%clk 00:05:42]} {[%emt
00:03:16]} 40. Kxd4 {[%clk 00:20:03]} {[%emt 00:00:26]} Bd2 {[%clk 00:05:26]}
{[%emt 00:00:50]} 41. Be4 {[%clk 00:19:03]} {[%emt 00:01:36]} Kb8 {[%clk
00:05:33]} {[%emt 00:00:27]} 42. Kd3 {[%clk 00:17:31]} {[%emt 00:02:08]} Bf4
{[%clk 00:04:54]} {[%emt 00:01:13]} 43. c4 {[%clk 00:17:42]} {[%emt 00:00:25]}
Bd6 {[%clk 00:03:36]} {[%emt 00:01:52]} 44. Kc3 {[%clk 00:15:57]} {[%emt
00:02:21]} Bf4 {[%clk 00:03:15]} {[%emt 00:00:55]} 45. Kd4 {[%clk 00:14:52]}
{[%emt 00:01:41]} Kc7 {[%clk 00:02:31]} {[%emt 00:01:17]} 46. Kd5 {[%clk
00:12:18]} {[%emt 00:03:11]} Bd2 {[%clk 00:01:21]} {[%emt 00:01:44]} 47. Kc5
{[%clk 00:11:56]} {[%emt 00:00:58]} Bf4 {[%clk 00:00:52]} {[%emt 00:01:04]} 48.
b5 {[%clk 00:06:18]} {[%emt 00:06:13]} axb5 {[%clk 00:01:00]} {[%emt 00:00:27]}
49. cxb5 {[%clk 00:06:15]} {[%emt 00:00:38]} Kb8 {[%clk 00:01:09]} {[%emt
00:00:25]} 50. Bd5 {[%clk 00:03:33]} {[%emt 00:03:18]} Be5 {[%clk 00:01:10]}
{[%emt 00:00:34]} 51. b6 {[%clk 00:03:46]} {[%emt 00:00:22]} Bh2 {[%clk
00:00:49]} {[%emt 00:00:56]} 52. Kb5 {[%clk 00:04:01]} {[%emt 00:00:21]} Bf4
{[%clk 00:00:44]} {[%emt 00:00:40]} 53. Be6 {[%clk 00:03:03]} {[%emt 00:01:33]}
Bh2 {[%clk 00:01:06]} {[%emt 00:00:12]} 54. Bf5 {[%clk 00:03:32]} {[%emt
00:00:07]} Be5 {[%clk 00:01:23]} {[%emt 00:00:18]} 55. Be4 {[%clk 00:03:29]}
{[%emt 00:00:39]} Bf4 {[%clk 00:01:36]} {[%emt 00:00:21]} 56. Bh1 {[%clk
00:01:19]} {[%emt 00:02:45]} Be5 {[%clk 00:02:00]} {[%emt 00:00:11]} 57. Kc4
{[%clk 00:01:19]} {[%emt 00:00:36]} Bf4 {[%clk 00:02:23]} {[%emt 00:00:12]} 58.
Kd3 {[%clk 00:01:40]} {[%emt 00:00:14]} Bd6 {[%clk 00:02:34]} {[%emt 00:00:23]}
59. Ke4 {[%clk 00:02:01]} {[%emt 00:00:15]} Bf4 {[%clk 00:02:50]} {[%emt
00:00:16]} 60. Kf5 {[%clk 00:02:31]} {[%emt 00:00:08]} Bd2 {[%emt 00:00:40]} 61.
Bd5 {[%clk 00:02:45]} {[%emt 00:00:08]} Bf4 {[%clk 00:03:23]} {[%emt 00:00:08]}
 1/2-1/2

[Event "The Irish Championship 2020"]
[Site "Colaiste Eanna, Dublin, Ireland"]
[Date "2020.08.03"]
[Round "3"]
[Board "8"]
[White "Putar, Leon"]
[Black "Brady, Stephen"]
[Result "0-1"]
[WhiteElo "1894"]
[BlackElo "2290"]
[PlyCount "0"]
[EventDate "2020.08.01"]
[EventRounds "9"]
[EventCountry "IRL"]

1. e4 {[%clk 02:15:57]} {[%emt 00:00:13]} d6 {[%clk 02:12:37]} {[%emt
00:03:34]} 2. d4 {[%clk 02:15:49]} {[%emt 00:00:42]} Nf6 {[%clk 02:12:56]}
{[%emt 00:00:15]} 3. Nc3 {[%clk 02:15:26]} {[%emt 00:01:00]} g6 {[%clk
02:13:24]} {[%emt 00:00:07]} 4. Be3 {[%clk 02:15:09]} {[%emt 00:00:51]} Bg7
{[%clk 02:13:51]} {[%emt 00:00:09]} 5. Qd2 {[%clk 02:14:31]} {[%emt 00:01:13]}
O-O {[%clk 02:14:06]} {[%emt 00:00:20]} 6. O-O-O {[%clk 02:13:12]} {[%emt
00:01:53]} c6 {[%clk 02:14:36]} {[%emt 00:00:06]} 7. f3 {[%clk 02:12:56]}
{[%emt 00:00:51]} b5 {[%clk 02:14:56]} {[%emt 00:00:15]} 8. Bh6 {[%clk
02:11:52]} {[%emt 00:01:38]} Qa5 {[%clk 02:15:23]} {[%emt 00:00:08]} 9. h4
{[%clk 02:11:31]} {[%emt 00:00:57]} b4 {[%clk 02:15:51]} {[%emt 00:00:07]} 10.
Nb1 {[%clk 02:11:24]} {[%emt 00:00:41]} Nbd7 {[%clk 02:16:19]} {[%emt
00:00:07]} 11. h5 {[%clk 02:11:26]} {[%emt 00:00:33]} Nxh5 {[%clk 02:16:45]}
{[%emt 00:00:09]} 12. g4 {[%clk 02:11:11]} {[%emt 00:00:51]} Ng3 {[%clk
02:17:01]} {[%emt 00:00:18]} 13. Bxg7 {[%clk 02:09:28]} {[%emt 00:02:18]} Nxh1
{[%clk 02:16:41]} {[%emt 00:00:55]} 14. Bxf8 {[%clk 02:08:17]} {[%emt
00:01:46]} Nxf8 {[%clk 02:17:09]} {[%emt 00:00:07]} 15. Bd3 {[%clk 02:07:37]}
{[%emt 00:01:15]} Qxa2 {[%clk 02:06:22]} {[%emt 00:11:22]} 16. Qxb4 {[%clk
01:52:39]} {[%emt 00:15:33]} Nf2 {[%clk 02:03:58]} {[%emt 00:03:00]} 17. Rd2
{[%clk 01:44:51]} {[%emt 00:08:23]} Nxd3+ {[%clk 02:00:24]} {[%emt 00:04:09]}
18. Rxd3 {[%clk 01:42:06]} {[%emt 00:03:20]} Qa6 {[%clk 02:00:22]} {[%emt
00:00:37]} 19. Nh3 {[%clk 01:36:37]} {[%emt 00:06:04]} Qb6 {[%clk 01:56:58]}
{[%emt 00:03:59]} 20. Rb3 {[%clk 01:32:02]} {[%emt 00:05:11]} Qxb4 {[%clk
01:51:50]} {[%emt 00:05:42]} 21. Rxb4 {[%clk 01:32:18]} {[%emt 00:00:18]} h5
{[%clk 01:52:12]} {[%emt 00:00:12]} 22. Nf2 {[%clk 01:30:41]} {[%emt 00:02:14]}
Ne6 {[%clk 01:48:54]} {[%emt 00:03:52]} 23. gxh5 {[%clk 01:29:17]} {[%emt
00:01:59]} gxh5 {[%clk 01:48:27]} {[%emt 00:01:03]} 24. d5 {[%clk 01:25:39]}
{[%emt 00:04:13]} c5 {[%clk 01:48:45]} {[%emt 00:00:17]} 25. Rb3 {[%clk
01:20:32]} {[%emt 00:05:43]} Nf4 {[%clk 01:48:54]} {[%emt 00:00:25]} 26. Re3
{[%clk 01:19:01]} {[%emt 00:02:05]} Kg7 {[%clk 01:43:44]} {[%emt 00:05:45]} 27.
Re1 {[%clk 01:14:03]} {[%emt 00:05:34]} Bd7 {[%clk 01:37:11]} {[%emt 00:07:08]}
28. Nc3 {[%clk 01:10:41]} {[%emt 00:03:57]} h4 {[%clk 01:32:02]} {[%emt
00:05:44]} 29. Kd2 {[%clk 01:08:48]} {[%emt 00:02:28]} e5 {[%clk 01:16:08]}
{[%emt 00:16:29]} 30. dxe6 {[%clk 01:00:08]} {[%emt 00:09:16]} fxe6 {[%clk
01:14:32]} {[%emt 00:02:11]} 31. Rg1+ {[%clk 01:00:03]} {[%emt 00:00:40]} Kf7
{[%clk 01:05:28]} {[%emt 00:09:37]} 32. Ke3 {[%clk 00:59:09]} {[%emt 00:01:30]}
e5 {[%clk 01:04:43]} {[%emt 00:01:21]} 33. Nd5 {[%clk 00:56:56]} {[%emt
00:02:48]} Nxd5+ {[%clk 01:01:07]} {[%emt 00:04:11]} 34. exd5 {[%clk 00:56:44]}
{[%emt 00:00:45]} Bf5 {[%clk 01:01:09]} {[%emt 00:00:34]} 35. Ne4 {[%clk
00:50:34]} {[%emt 00:06:45]} Bxe4 {[%clk 01:01:28]} {[%emt 00:00:16]} 36. Kxe4
{[%clk 00:47:13]} {[%emt 00:03:57]} h3 {[%clk 00:51:16]} {[%emt 00:10:47]} 37.
Kf5 {[%clk 00:46:11]} {[%emt 00:01:37]} Rh8 {[%clk 00:50:08]} {[%emt 00:01:42]}
38. Rh1 {[%clk 00:43:09]} {[%emt 00:03:38]} h2 {[%clk 00:50:28]} {[%emt
00:00:14]} 39. b3 {[%clk 00:43:15]} {[%emt 00:00:30]} a5 {[%clk 00:50:45]}
{[%emt 00:00:17]} 40. c4 {[%clk 00:39:28]} {[%emt 00:04:23]} Rh5+ {[%clk
00:49:04]} {[%emt 00:02:15]} 41. Kg4 {[%clk 00:39:30]} {[%emt 00:00:34]} Kg6
{[%clk 00:49:32]} {[%emt 00:00:07]} 42. f4 {[%clk 00:39:34]} {[%emt 00:00:31]}
exf4 {[%clk 00:49:59]} {[%emt 00:00:08]} 43. Kxf4 {[%clk 00:40:03]} {[%emt
00:00:06]} Kf6 {[%clk 00:49:17]} {[%emt 00:01:17]} 44. Kg4 {[%clk 00:38:11]}
{[%emt 00:02:27]} Rh8 {[%clk 00:49:30]} {[%emt 00:00:22]} 45. Kf4 {[%clk
00:37:18]} {[%emt 00:01:29]} Rh7 {[%clk 00:49:36]} {[%emt 00:00:28]} 46. Kg4
{[%clk 00:37:32]} {[%emt 00:00:21]} Ke5 {[%clk 00:50:00]} {[%emt 00:00:12]} 47.
Kg5 {[%clk 00:38:01]} {[%emt 00:00:05]} Kd4 {[%clk 00:50:26]} {[%emt 00:00:09]}
48. Kf6 {[%clk 00:37:51]} {[%emt 00:00:45]} Kc3 {[%clk 00:50:37]} {[%emt
00:00:25]} 49. Ke6 {[%clk 00:37:58]} {[%emt 00:00:28]} Rh6+ {[%clk 00:51:05]}
{[%emt 00:00:06]} 50. Ke7 {[%clk 00:38:15]} {[%emt 00:00:17]} Kxb3 {[%clk
00:51:35]} {[%emt 00:00:07]} 51. Rxh2 {[%clk 00:37:21]} {[%emt 00:01:29]} Rxh2
{[%clk 00:51:58]} {[%emt 00:00:11]} 52. Kxd6 {[%clk 00:37:51]} {[%emt
00:00:06]} Kxc4 {[%clk 00:52:27]} {[%emt 00:00:06]}  0-1

[Event "The Irish Championship 2020"]
[Site "Colaiste Eanna, Dublin, Ireland"]
[Date "2020.08.03"]
[Round "3"]
[Board "9"]
[White "O'Donnell, Conor"]
[Black "Collins, Sam"]
[Result "0-1"]
[WhiteElo "2304"]
[BlackElo "2459"]
[PlyCount "0"]
[EventDate "2020.08.01"]
[EventRounds "9"]
[EventCountry "IRL"]

1. d4 {[%emt 00:04:30]} d5 {[%emt 00:03:00]} 2. c4 {[%emt 00:00:11]} c6 {[%emt
00:00:20]} 3. cxd5 {[%emt 00:00:38]} cxd5 {[%emt 00:00:26]} 4. Bf4 {[%emt
00:00:37]} Nf6 {[%emt 00:01:27]} 5. Nc3 {[%emt 00:00:25]} Nc6 {[%emt 00:00:48]}
6. e3 {[%emt 00:00:16]} a6 {[%emt 00:00:50]} 7. Bd3 {[%emt 00:00:22]} Bg4
{[%emt 00:01:29]} 8. Nge2 {[%emt 00:00:13]} e6 {[%emt 00:00:56]} 9. O-O {[%emt
00:00:27]} Bd6 {[%emt 00:00:50]} 10. f3 {[%emt 00:00:37]} Bh5 {[%emt 00:00:47]}
11. Na4 {[%emt 00:01:32]} Bg6 {[%emt 00:09:29]} 12. Bxg6 {[%emt 00:00:44]} hxg6
{[%emt 00:02:04]} 13. Qb3 {[%emt 00:05:11]} g5 {[%emt 00:13:29]} 14. Bxg5
{[%emt 00:42:43]} b5 {[%emt 00:13:17]} 15. Bxf6 {[%emt 00:22:03]} gxf6 {[%emt
00:04:56]} 16. Nc5 {[%emt 00:02:50]} Bxh2+ {[%emt 00:06:40]} 17. Kf2 {[%emt
00:00:13]} Bd6 {[%emt 00:01:20]} 18. Rh1 {[%emt 00:05:25]} Ke7 {[%emt
00:04:28]} 19. a4 {[%emt 00:18:58]} Rxh1 {[%emt 00:09:21]} 20. Rxh1 {[%emt
00:00:13]} Bxc5 {[%emt 00:00:51]} 21. dxc5 {[%emt 00:00:34]} Qa5 {[%emt
00:01:08]} 22. axb5 {[%emt 00:02:45]} Qxb5 {[%emt 00:07:42]} 23. Qxb5 {[%emt
00:02:31]} axb5 {[%emt 00:00:18]} 24. Nd4 {[%emt 00:05:02]} Nxd4 {[%emt
00:05:34]} 25. exd4 {[%emt 00:00:04]} Ra4 {[%emt 00:00:42]} 26. Rd1 {[%emt
00:09:02]} Rb4 {[%emt 00:02:01]} 27. Rd2 {[%emt 00:00:13]} Kd7 {[%emt
00:00:47]} 28. f4 {[%emt 00:05:44]} Kc6 {[%emt 00:01:43]} 29. Kg3 {[%emt
00:08:21]} Rb3+ {[%emt 00:12:07]} 30. Kg4 {[%emt 00:02:07]} b4 {[%emt
00:07:29]} 31. g3 {[%emt 00:00:58]} Re3 {[%emt 00:01:46]} 32. Kh3 {[%emt
00:06:32]} e5 {[%emt 00:05:10]} 33. dxe5 {[%emt 00:00:54]} fxe5 {[%emt
00:00:23]} 34. fxe5 {[%emt 00:00:06]} Rxe5 {[%emt 00:03:04]} 35. g4 {[%emt
00:01:26]} Re7 {[%emt 00:03:19]} 36. g5 {[%emt 00:00:45]} Kxc5 {[%emt
00:00:49]} 37. Kg4 {[%emt 00:00:37]} Kc4 {[%emt 00:01:31]} 38. Kf5 {[%emt
00:00:34]} d4 {[%emt 00:03:10]} 39. Kf6 {[%emt 00:00:23]} Rd7 {[%emt 00:00:53]}
40. Ke5 {[%emt 00:00:19]} d3 {[%emt 00:00:49]} 41. Kf5 {[%emt 00:00:49]} Rd6
{[%emt 00:02:23]} 42. Kf4 {[%emt 00:00:12]} Re6 {[%emt 00:01:46]}  0-1